[Event "FB1 1920 SK Schwäbisch Hall - Hamburge"]
[Site "?"]
[Date "2019.12.14"]
[Round "3.3"]
[White "Osmanodja, Filiz"]
[Black "Atalik, Ekaterina"]
[Result "0-1"]
[WhiteElo "2214"]
[BlackElo "2462"]
[PlyCount "76"]
[EventDate "2019.??.??"]

1. e4 c6 2. d4 d5 3. Nc3 dxe4 4. Nxe4 Bf5 5. Ng3 Bg6 6. h4 h6 7. Nf3 e6 8. Ne5
Bh7 9. Bd3 Bxd3 10. Qxd3 Nd7 11. Qe2 Ngf6 12. Bd2 Be7 13. O-O-O O-O 14. Rh3 Rc8
15. f4 c5 16. Nxd7 Qxd7 17. dxc5 Qa4 18. Kb1 Bxc5 19. Bc3 Qxf4 20. Rf1 Qg4 21.
Qe1 Bd4 22. Bxd4 Qxd4 23. c3 Qd3+ 24. Ka1 Qb5 25. Ne2 Rfd8 26. Nd4 Qd5 27. Rhf3
Rd7 28. Qc1 Ne4 29. g4 b5 30. g5 b4 31. g6 f5 32. Nb3 a5 33. c4 Rxc4 34. Qe3 a4
35. Nc1 a3 36. Nb3 Qd1+ 37. Nc1 axb2+ 38. Kxb2 Rd2+ 0-1

[Event "FB1 1920 SK Schwäbisch Hall - Hamburge"]
[Site "?"]
[Date "2019.12.14"]
[Round "3.4"]
[White "Bulmaga, Irina"]
[Black "Fuchs, Judith"]
[Result "1-0"]
[WhiteElo "2434"]
[BlackElo "2238"]
[PlyCount "77"]
[EventDate "2019.??.??"]

1. e4 c5 2. Nf3 d6 3. d4 cxd4 4. Nxd4 Nf6 5. Nc3 a6 6. h3 Nc6 7. Be3 e6 8. g4
Nd7 9. g5 Be7 10. h4 Rb8 11. Qd2 O-O 12. O-O-O Nxd4 13. Qxd4 b5 14. f4 b4 15.
Ne2 Qa5 16. Kb1 Bb7 17. Ng3 Rfd8 18. Bc4 Rbc8 19. Bb3 Nc5 20. h5 Nxb3 21. axb3
e5 22. Qd2 exf4 23. Bxf4 d5 24. Nf5 Qc5 25. Be3 d4 26. Bxd4 Qc7 27. Qg2 Bf8 28.
Nh6+ Kh8 29. g6 Rxd4 30. Nxf7+ Qxf7 31. gxf7 Bxe4 32. Qf2 Bxc2+ 33. Qxc2 Rxc2
34. Kxc2 Rf4 35. Rhf1 Rxf1 36. Rxf1 h6 37. Re1 g5 38. hxg6 Kg7 39. Re8 1-0

[Event "FB1 1920 SK Schwäbisch Hall - Hamburge"]
[Site "?"]
[Date "2019.12.14"]
[Round "3.5"]
[White "Genova, Lyubka"]
[Black "Mkrtchian, Lilit"]
[Result "0-1"]
[WhiteElo "2239"]
[BlackElo "2395"]
[PlyCount "94"]
[EventDate "2019.??.??"]

1. e4 e6 2. d3 d5 3. Qe2 Nc6 4. Nf3 e5 5. g3 Nf6 6. Bg2 dxe4 7. dxe4 Bc5 8. h3
O-O 9. c3 a5 10. a4 b6 11. Nbd2 Ba6 12. Nc4 Ne8 13. O-O Nd6 14. b3 Nxc4 15.
bxc4 Qd7 16. Rd1 Qe6 17. Rd5 f6 18. Nh4 Ne7 19. Nf5 Nxf5 20. exf5 Qxf5 21. g4
Qc8 22. Be4 c6 23. Bf5 Qe8 24. Bd7 Qg6 25. Bxc6 Rac8 26. Bb5 Bb7 27. Rd7 Ba8
28. Ra2 f5 29. g5 f4 30. h4 Qf5 31. Kh2 e4 32. Qf1 e3 33. f3 Rcd8 34. Ra7 Rd6
35. Re2 Rfd8 36. Re1 Qc8 37. Kh1 Rd3 38. Kh2 Qb8 39. Rxa8 Qxa8 40. Qh3 Qc8 41.
Qf1 Qe6 42. Ba6 Qd7 43. Bb5 Qd6 44. Ba6 Rd1 45. Bb7 Rxe1 46. Qxe1 Qd1 47. Bd5+
Rxd5 0-1

[Event "FB1 1920 SK Schwäbisch Hall - Hamburge"]
[Site "?"]
[Date "2019.12.14"]
[Round "3.6"]
[White "Badelka, Olga"]
[Black "Zahn, Alina"]
[Result "1-0"]
[WhiteElo "2399"]
[BlackElo "2123"]
[PlyCount "127"]
[EventDate "2019.??.??"]

1. c4 e6 2. Nf3 d5 3. e3 Nf6 4. b3 Be7 5. Bb2 c5 6. cxd5 exd5 7. Bb5+ Bd7 8.
Be2 Nc6 9. O-O O-O 10. d4 cxd4 11. Nxd4 Ne4 12. Nd2 Bf6 13. N2f3 Rc8 14. Rc1
Qa5 15. Nxc6 bxc6 16. Bxf6 Nxf6 17. Qd2 Qa3 18. Bd3 c5 19. Rc3 Qb4 20. Rfc1 Bb5
21. Bf5 Ne4 22. Bxe4 dxe4 23. Ne5 Rfd8 24. Qc2 Rd5 25. Nc4 Bc6 26. Nd2 Rcd8 27.
Nf1 Bb5 28. Rxc5 Rxc5 29. Qxc5 Qxc5 30. Rxc5 a6 31. Rc1 g6 32. Ng3 Bd3 33. f3
exf3 34. Rd1 f5 35. gxf3 Rd7 36. e4 f4 37. Ne2 g5 38. h4 h6 39. hxg5 hxg5 40.
Nc3 Bb5 41. Rd5 Rxd5 42. exd5 Bd7 43. Ne4 Kg7 44. Nxg5 Kf6 45. Ne4+ Ke5 46. d6
Bc6 47. b4 Bb5 48. Kg2 Ke6 49. Kh3 Ke5 50. Kg4 Bd7+ 51. Kg5 Bb5 52. a4 Bc6 53.
Nc3 Bd7 54. Ne4 Bc6 55. Kh4 Be8 56. Kh3 Bd7+ 57. Kg2 Bc6 58. Kf2 Be8 59. Ke1
Bc6 60. Kd2 Be8 61. Kc3 Bc6 62. Kc4 Ke6 63. Kd4 Be8 64. d7 1-0

[Event "FB1 1920 Schachfreunde Deizisau - TuRa "]
[Site "?"]
[Date "2019.12.14"]
[Round "3.1"]
[White "Antolak, Julia"]
[Black "Michna, Marta"]
[Result "1-0"]
[WhiteElo "2249"]
[BlackElo "2370"]
[PlyCount "183"]
[EventDate "2019.??.??"]

1. e4 e6 2. d4 d5 3. Nd2 Nf6 4. e5 Nfd7 5. Bd3 c5 6. c3 Nc6 7. Ne2 a5 8. O-O
cxd4 9. cxd4 Nb6 10. Nf3 Be7 11. a3 Bd7 12. Be3 a4 13. Nc3 Na5 14. Nd2 h5 15.
f4 g6 16. Qc2 Bc6 17. Rac1 Qd7 18. Qd1 Nc8 19. Qe2 Na7 20. Nf3 b5 21. Bf2 Nc4
22. Bh4 Bxh4 23. Nxh4 Nc8 24. Nf3 Ne7 25. Ng5 Qa7 26. Qf2 Bd7 27. Rfd1 Rb8 28.
Na2 Nc6 29. Bf1 Bc8 30. Rc2 Qa5 31. Nf3 Qd8 32. Ne1 Qb6 33. Nb4 N6a5 34. Ned3
Bd7 35. Nc5 Rc8 36. Rc3 Qd8 37. Rh3 Qe7 38. Kh1 Kd8 39. Rc3 Kc7 40. Rdc1 Kb6
41. Nbd3 Rc7 42. Be2 Rhc8 43. Bd1 Be8 44. b3 axb3 45. Bxb3 Ra7 46. a4 Kc7 47.
Bd1 Kd8 48. h3 Rac7 49. axb5 Bxb5 50. f5 gxf5 51. Bxh5 Ra7 52. Qg3 Be8 53. Nf4
Rxc5 54. dxc5 Qxc5 55. Be2 Rc7 56. h4 Qd4 57. Nd3 f6 58. exf6 Qxf6 59. Nf4 Rh7
60. h5 Bf7 61. Rd1 Ke7 62. Kg1 Kf8 63. Rcc1 Be8 64. Rb1 Nc6 65. Bxc4 dxc4 66.
Qa3+ Kg8 67. Qd6 c3 68. Rbc1 c2 69. Rxc2 Rd7 70. Qxd7 Bxd7 71. Rxd7 Ne7 72.
Rcc7 Qa1+ 73. Kh2 Qe5 74. g3 Qb2+ 75. Kh3 Qa1 76. Kh2 Qb2+ 77. Ng2 Qe2 78. Rxe7
Qxh5+ 79. Kg1 Qd1+ 80. Kf2 Qd2+ 81. Kf3 Qd3+ 82. Kf4 Qd2+ 83. Ke5 Qd5+ 84. Kf6
Qd4+ 85. Kxe6 Qe4+ 86. Kf6 Qd4+ 87. Kxf5 Qd5+ 88. Kg4 Qd4+ 89. Kg5 Qd5+ 90. Kh4
Kf8 91. Nf4 Qh1+ 92. Kg5 1-0

[Event "FB1 1920 Schachfreunde Deizisau - TuRa "]
[Site "?"]
[Date "2019.12.14"]
[Round "3.2"]
[White "Schleining, Zoya"]
[Black "Utiatskaja, Irina"]
[Result "1/2-1/2"]
[WhiteElo "2316"]
[BlackElo "2131"]
[PlyCount "49"]
[EventDate "2019.??.??"]

1. d4 Nf6 2. c4 g6 3. Nc3 d5 4. Bf4 Bg7 5. e3 c5 6. dxc5 Qa5 7. Rc1 O-O 8. cxd5
Nbd7 9. Nf3 Nxc5 10. Be2 Nce4 11. O-O Nxc3 12. Rxc3 Qxa2 13. Bc4 Qxb2 14. Rb3
Qa2 15. d6 exd6 16. Bxd6 Re8 17. Ng5 Be6 18. Nxe6 fxe6 19. Ba3 Rac8 20. Qd3 b5
21. Bxb5 Red8 22. Qb1 Qxb1 23. Rfxb1 Ne4 24. Bb4 Nc3 25. Bxc3 1/2-1/2

[Event "FB1 1920 Schachfreunde Deizisau - TuRa "]
[Site "?"]
[Date "2019.12.14"]
[Round "3.3"]
[White "Gosciniak, Maria"]
[Black "Koepke, Elena"]
[Result "1/2-1/2"]
[WhiteElo "2087"]
[BlackElo "2309"]
[PlyCount "107"]
[EventDate "2019.??.??"]

1. e4 d6 2. d4 Nf6 3. Nc3 e5 4. dxe5 dxe5 5. Qxd8+ Kxd8 6. Bg5 Be6 7. O-O-O+
Nbd7 8. f4 exf4 9. Bxf4 a6 10. h3 Bb4 11. Nge2 Re8 12. a3 Ba5 13. e5 Ng8 14.
Ne4 Ne7 15. Nd4 Bd5 16. Ng5 Ng6 17. Bg3 h6 18. Nf5 Be6 19. Nxe6+ fxe6 20. Nxg7
Re7 21. Nh5 Kc8 22. Bd3 Ngxe5 23. Be4 c6 24. Rhf1 Bc7 25. Bh4 Rf7 26. Rxf7 Nxf7
27. Rf1 Nfe5 28. Ng7 Bd6 29. Nxe6 b6 30. Kb1 Kb7 31. Nd8+ Kc7 32. Ne6+ Kb7 33.
g4 Rg8 34. Nd4 Bc5 35. Nf5 Rh8 36. Bg3 a5 37. Bf4 Nf7 38. h4 Rg8 39. Nxh6 Nxh6
40. Bxh6 Rxg4 41. Bf5 Rxh4 42. Bg7 Nb8 43. Bd3 Bd4 44. Rf7+ Ka8 45. Bf8 Be5 46.
Be7 Rd4 47. Bf5 Na6 48. Ka2 Nc7 49. Bg5 Kb7 50. Rf8 Rd5 51. Be3 Bd4 52. Bc8+
Ka7 53. Bf4 Be5 54. Bxe5 1/2-1/2

[Event "FB1 1920 Schachfreunde Deizisau - TuRa "]
[Site "?"]
[Date "2019.12.14"]
[Round "3.4"]
[White "Agrest, Inna"]
[Black "Endress, Anna"]
[Result "1-0"]
[WhiteElo "2286"]
[BlackElo "2120"]
[PlyCount "99"]
[EventDate "2019.??.??"]

1. e4 c5 2. Nf3 e6 3. d4 cxd4 4. Nxd4 Nc6 5. Nc3 Qc7 6. Be3 a6 7. Qf3 Nf6 8.
O-O-O Bb4 9. Nxc6 bxc6 10. Bd4 Be7 11. e5 Nd5 12. Ne4 c5 13. Nd6+ Bxd6 14. exd6
Qxd6 15. Bxg7 Rg8 16. Bc3 Qf4+ 17. Qxf4 Nxf4 18. g3 Bb7 19. Rg1 d5 20. Bd2 Ng6
21. Bg2 O-O-O 22. h4 Ne5 23. Rde1 Nd7 24. Bf1 e5 25. Bh3 Rde8 26. Bf5 h5 27. g4
hxg4 28. h5 Kc7 29. h6 f6 30. h7 Rg7 31. Bh6 Rxh7 32. Bxh7 Rh8 33. Bf5 Rxh6 34.
Rxg4 Rh5 35. Bxd7 Kxd7 36. Rg7+ Kc6 37. Reg1 a5 38. Rf7 Rf5 39. Rgg7 Ba6 40.
Rg6 Rxf2 41. Rgxf6+ Rxf6 42. Rxf6+ Kb7 43. Rf5 Kc6 44. Rxe5 a4 45. Kd2 Bf1 46.
Rg5 c4 47. Rg3 d4 48. Ke1 d3 49. Kxf1 c3 50. Rxd3 1-0

[Event "FB1 1920 Schachfreunde Deizisau - TuRa "]
[Site "?"]
[Date "2019.12.14"]
[Round "3.5"]
[White "Brandt, Carina"]
[Black "Jelica, Mara"]
[Result "1/2-1/2"]
[WhiteElo "2059"]
[BlackElo "2122"]
[PlyCount "155"]
[EventDate "2019.??.??"]

1. e4 e5 2. Bc4 Nf6 3. d3 c6 4. Qe2 Be7 5. Nf3 O-O 6. Bb3 Na6 7. O-O d6 8. c3
Nc5 9. Bc2 Bg4 10. h3 Bh5 11. Re1 Ne6 12. Nbd2 b5 13. Nf1 Nf4 14. Bxf4 exf4 15.
N1h2 Nd7 16. d4 Re8 17. a4 a6 18. Qd2 g5 19. Ng4 Bf8 20. e5 dxe5 21. Bf5 Bxg4
22. hxg4 h6 23. axb5 cxb5 24. Be4 Ra7 25. Qc2 Kg7 26. Bc6 exd4 27. Nxd4 Rxe1+
28. Rxe1 Nf6 29. Qd3 Qb6 30. Qh3 Kg8 31. Qf3 Re7 32. Rxe7 Bxe7 33. Nf5 Bf8 34.
Bd5 a5 35. Ba2 b4 36. Qa8 Nxg4 37. Nd4 bxc3 38. Qe8 Qc7 39. bxc3 Nf6 40. Qc6
Qe7 41. Kf1 Ng4 42. Qg6+ Bg7 43. Nf5 Qf6 44. Qxf6 Bxf6 45. f3 Ne3+ 46. Nxe3
fxe3 47. Ke2 Bxc3 48. Kxe3 Kf8 49. g4 Ke7 50. Kd3 Be1 51. Bb3 f6 52. Ba4 Ke6
53. Ke4 Kd6 54. Kd4 Bf2+ 55. Kc4 Ke5 56. Bc6 Kf4 57. Bd5 Be1 58. Kb5 f5 59.
gxf5 Kxf5 60. Bf7 g4 61. fxg4+ Kxg4 62. Kc4 Kf3 63. Be8 Ke4 64. Kc5 Bf2+ 65.
Kc4 Bd4 66. Bc6+ Ke3 67. Be8 Bb6 68. Kc3 Ke2 69. Kc2 Kf3 70. Kd3 Ba7 71. Kd2
Kg3 72. Ke2 Kg2 73. Bc6+ Kg3 74. Be8 Kg4 75. Kf1 h5 76. Kg2 h4 77. Bd7+ Kf4 78.
Ba4 1/2-1/2

[Event "FB1 1920 Schachfreunde Deizisau - TuRa "]
[Site "?"]
[Date "2019.12.14"]
[Round "3.6"]
[White "Valkova, Angelika"]
[Black "Koehler, Inken"]
[Result "1-0"]
[WhiteElo "1984"]
[BlackElo "1998"]
[PlyCount "119"]
[EventDate "2019.??.??"]

1. d4 d5 2. c4 e6 3. Nc3 Nf6 4. Bg5 c6 5. Nf3 Be7 6. e3 O-O 7. Qc2 h6 8. Bh4
dxc4 9. Bxc4 Nbd7 10. a3 Nb6 11. Ba2 Nbd5 12. O-O Nxc3 13. bxc3 Re8 14. Bb1 b6
15. e4 Nh7 16. e5 Nf8 17. Bxe7 Qxe7 18. Nd2 Bb7 19. Ne4 Red8 20. Nd6 Rxd6 21.
exd6 Qxd6 22. Qe4 Rd8 23. Bc2 Qc7 24. Rfd1 c5 25. Qe5 Qc6 26. f3 cxd4 27. Be4
Qc8 28. Bxb7 Qxb7 29. Rxd4 Rc8 30. Rad1 Qe7 31. Rd6 Rc5 32. Qe3 Qc7 33. Rd8
Rxc3 34. Qd2 Rc2 35. Qb4 Rc5 36. Qd2 Rc2 37. Qd6 Qc5+ 38. Qxc5 Rxc5 39. Ra8 Rd5
40. Rc1 Rc5 41. Rxc5 bxc5 42. Rxa7 e5 43. Ra8 f6 44. Rc8 Kf7 45. Rxc5 Ne6 46.
Rc8 Ke7 47. a4 Kd7 48. Rc4 Kd6 49. a5 Nc5 50. Rg4 g5 51. Rb4 Kc7 52. g4 e4 53.
fxe4 Nd3 54. Rb6 Ne5 55. Rxf6 Nxg4 56. Re6 h5 57. a6 Ne3 58. Re7+ Kb8 59. e5
Nf5 60. Rd7 1-0

[Event "FB1 1920 SV Weißblau Allianz Leipzig -"]
[Site "?"]
[Date "2019.12.14"]
[Round "3.1"]
[White "Muetsch, Annmarie"]
[Black "Cyfka, Karina"]
[Result "1/2-1/2"]
[WhiteElo "2227"]
[BlackElo "2410"]
[PlyCount "37"]
[EventDate "2019.??.??"]

1. e4 e5 2. Nf3 Nf6 3. d4 Nxe4 4. Bd3 d5 5. Nxe5 Nd7 6. Nxd7 Bxd7 7. O-O Bd6 8.
c4 Qh4 9. g3 Qh3 10. cxd5 Nf6 11. Re1+ Kf8 12. Bf1 Qf5 13. Bd3 Qxd5 14. Nc3
Qxd4 15. Be3 Qg4 16. Be2 Qf5 17. Bd3 Qg4 18. Be2 Qf5 19. Bd3 1/2-1/2

[Event "FB1 1920 SV Weißblau Allianz Leipzig -"]
[Site "?"]
[Date "2019.12.14"]
[Round "3.2"]
[White "Kulon, Klaudia"]
[Black "Schmidt, Jessica"]
[Result "0-1"]
[WhiteElo "2345"]
[BlackElo "2239"]
[PlyCount "112"]
[EventDate "2019.??.??"]

1. d4 d5 2. Bf4 c6 3. e3 e6 4. Nd2 Nf6 5. Bd3 a6 6. Bg3 c5 7. c3 Nc6 8. a3 Bd6
9. f4 cxd4 10. cxd4 Bd7 11. Ngf3 O-O 12. Ne5 Be8 13. O-O Ne7 14. Bh4 Nf5 15.
Bxf5 exf5 16. Qb3 Qa5 17. Bxf6 Qxd2 18. Nf3 Qa5 19. Be5 Ba4 20. Qxb7 Rfb8 21.
b4 Rxb7 22. bxa5 Bf8 23. Rfb1 Rxb1+ 24. Rxb1 f6 25. Bc7 Bb5 26. Bb6 Bxa3 27.
Kf2 Rc8 28. Bc5 Bxc5 29. Rc1 Bc4 30. dxc5 Rxc5 31. Ra1 Rb5 32. Nd4 Rb2+ 33. Kg3
g6 34. h4 h5 35. Rd1 Kf7 36. Rc1 Ke7 37. Rd1 Kd6 38. Ra1 Kc5 39. Ne6+ Kb4 40.
Nf8 Bd3 41. Nxg6 Be4 42. Rg1 Kxa5 43. Ne7 Kb4 44. Rd1 Kc5 45. Ra1 Rxg2+ 46. Kh3
Re2 47. Ng8 Rxe3+ 48. Kh2 d4 49. Nxf6 d3 50. Kg1 Re2 51. Nxe4+ Rxe4 52. Kf2 d2
53. Rd1 Rxf4+ 54. Ke2 Rd4 55. Ke3 f4+ 56. Ke2 a5 0-1

[Event "FB1 1920 SV Weißblau Allianz Leipzig -"]
[Site "?"]
[Date "2019.12.14"]
[Round "3.3"]
[White "Rubina, Tatiana"]
[Black "Jaracz, Barbara"]
[Result "0-1"]
[WhiteElo "2039"]
[BlackElo "2199"]
[PlyCount "77"]
[EventDate "2019.??.??"]

1. e4 e5 2. Nf3 Nc6 3. Bc4 Bc5 4. c3 Nf6 5. d3 d6 6. Bb3 a6 7. O-O h6 8. h3 O-O
9. Re1 Ba7 10. Nbd2 Re8 11. Nc4 Be6 12. Ne3 Qd7 13. Nh4 Ne7 14. Qf3 c6 15. Bc2
d5 16. g4 Ng6 17. Nhf5 Nh7 18. Ng2 Rad8 19. h4 f6 20. Kh2 c5 21. Qg3 b5 22.
exd5 Bxd5 23. d4 Nhf8 24. h5 Nh8 25. dxe5 Rxe5 26. Bf4 Rxe1 27. Rxe1 Bc6 28.
Be3 Bb8 29. f4 Nf7 30. Rd1 Qb7 31. Nfh4 Be4 32. Rxd8 Nxd8 33. Bxe4 Qxe4 34. Nf5
Nf7 35. Qf2 c4 36. Kh3 Nd6 37. Qd2 Qf3+ 38. Kh4 Ne4 39. Qc2 0-1

[Event "FB1 1920 SV Weißblau Allianz Leipzig -"]
[Site "?"]
[Date "2019.12.14"]
[Round "3.4"]
[White "Schulz, Petra"]
[Black "Scheynin, Julia"]
[Result "0-1"]
[WhiteElo "2058"]
[BlackElo "1994"]
[PlyCount "106"]
[EventDate "2019.??.??"]

1. e4 e6 2. d4 d5 3. Nc3 Nf6 4. Bg5 Be7 5. e5 Nfd7 6. Bxe7 Qxe7 7. f4 a6 8. Nf3
c5 9. Qd2 Nc6 10. dxc5 Nxc5 11. Bd3 b5 12. O-O b4 13. Ne2 Bb7 14. Ned4 Nxd3 15.
Qxd3 Nxd4 16. Nxd4 O-O 17. f5 exf5 18. Qxf5 Rae8 19. Rae1 Qc5 20. Qf4 Bc8 21.
Rf2 Be6 22. Qd2 a5 23. Re3 Bd7 24. h3 Re7 25. Rfe2 Rfe8 26. Kh1 Bc8 27. a3 Rb7
28. Nb3 Qb5 29. a4 Qxa4 30. Qxd5 Qb5 31. Qxb5 Rxb5 32. c4 bxc3 33. Rxc3 Ba6 34.
Nd4 Rd5 35. Re4 g6 36. Nf3 Re7 37. Ree3 Bb7 38. Rb3 Rc5 39. Nd4 Bd5 40. Rb8+
Kg7 41. b4 Rc4 42. Nf5+ gxf5 43. Rg3+ Kh6 44. bxa5 Rxe5 45. Kh2 f4 46. Rg4 Be6
47. Rh4+ Kg7 48. a6 Ra5 49. Rb6 h5 50. a7 Rxa7 51. Rxh5 Ra2 52. Rb1 f3 53. Kg3
f2 0-1

[Event "FB1 1920 SV Weißblau Allianz Leipzig -"]
[Site "?"]
[Date "2019.12.14"]
[Round "3.5"]
[White "Basovskiy, Jana"]
[Black "Germann, Heike"]
[Result "1/2-1/2"]
[WhiteElo "1782"]
[BlackElo "2042"]
[PlyCount "73"]
[EventDate "2019.??.??"]

1. e4 c5 2. Nf3 Nc6 3. d4 cxd4 4. Nxd4 g6 5. Nc3 Bg7 6. Be3 Nf6 7. Bc4 Qa5 8.
O-O O-O 9. Bb3 d6 10. h3 Bd7 11. f4 a6 12. Kh2 Rac8 13. Qe1 Ng4+ 14. hxg4 Nxd4
15. Qf2 Nxb3 16. axb3 Qd8 17. Bb6 Qe8 18. f5 Be5+ 19. Kg1 Bc6 20. Qe3 f6 21.
Rf3 Qf7 22. Rh3 e6 23. Rf1 d5 24. exd5 exd5 25. Qh6 d4 26. Ne2 Bb5 27. Re1 Rxc2
28. Nxd4 Bxd4+ 29. Bxd4 Bc6 30. Rh2 Qg7 31. Qxg7+ Kxg7 32. Re7+ Rf7 33. Rxf7+
Kxf7 34. Rxh7+ Kg8 35. Rh2 gxf5 36. gxf5 Kf7 37. g4 1/2-1/2

[Event "FB1 1920 SV Weißblau Allianz Leipzig -"]
[Site "?"]
[Date "2019.12.14"]
[Round "3.6"]
[White "Just, Anita"]
[Black "Mangei, Jasmin"]
[Result "1-0"]
[WhiteElo "1887"]
[BlackElo "1881"]
[PlyCount "71"]
[EventDate "2019.??.??"]

1. e4 e5 2. Nf3 Nc6 3. Bc4 Bc5 4. c3 Nf6 5. d4 exd4 6. O-O d5 7. exd5 Nxd5 8.
Qb3 Nce7 9. Qb5+ c6 10. Qxc5 O-O 11. Qxd4 Qc7 12. Qe5 Qb6 13. a4 Bg4 14. a5 Qd8
15. Qg3 Nf6 16. Bg5 Nf5 17. Qf4 Bxf3 18. Qxf3 Nd6 19. Bxf6 Qxf6 20. Qxf6 gxf6
21. Nd2 Rad8 22. Bb3 Kh8 23. Rfe1 Nf5 24. Nf3 Kg7 25. Rad1 Nd6 26. g3 f5 27.
Re7 Kf6 28. Rde1 b6 29. Rxa7 bxa5 30. Rxa5 Rb8 31. Nd4 Rfc8 32. Rc5 Rb6 33. Ba4
Rxb2 34. Rxc6 Rxc6 35. Bxc6 Ra2 36. Nb5 1-0

[Event "FB1 1920 Rodewischer Schachmiezen - OSG"]
[Site "?"]
[Date "2019.12.14"]
[Round "3.1"]
[White "Stefanova, Antoaneta"]
[Black "Bodnaruk, Anastasia"]
[Result "0-1"]
[WhiteElo "2476"]
[BlackElo "2413"]
[PlyCount "72"]
[EventDate "2019.??.??"]

1. d4 Nf6 2. Nf3 g6 3. c4 Bg7 4. g3 O-O 5. Bg2 c6 6. Nc3 d5 7. cxd5 cxd5 8. Ne5
b6 9. Bf4 Bb7 10. Rc1 Nc6 11. Nb5 Nxe5 12. Bxe5 Ne8 13. Qb3 e6 14. O-O f6 15.
Bf4 g5 16. Bd2 f5 17. a4 Rf7 18. e3 a6 19. Na3 Nd6 20. Bb4 f4 21. Bxd6 Qxd6 22.
Rfe1 Raf8 23. Nc2 f3 24. Bh3 h5 25. Qb4 Qd7 26. Qxb6 g4 27. Bf1 h4 28. gxh4 Bf6
29. Bxa6 Bxa6 30. Qxa6 Bxh4 31. e4 g3 32. hxg3 Bxg3 33. exd5 Bh2+ 34. Kh1 Rh7
35. Qxe6+ Qxe6 36. dxe6 Kh8 0-1

[Event "FB1 1920 Rodewischer Schachmiezen - OSG"]
[Site "?"]
[Date "2019.12.14"]
[Round "3.2"]
[White "Movsesian, Julia"]
[Black "Abdumalik, Zhansaya"]
[Result "0-1"]
[WhiteElo "2315"]
[BlackElo "2465"]
[PlyCount "80"]
[EventDate "2019.??.??"]

1. e4 e5 2. Nf3 Nc6 3. Bc4 Nf6 4. d3 h6 5. c3 d6 6. Nbd2 g5 7. O-O Bg7 8. Bb5
Bd7 9. Nc4 a6 10. Bxc6 bxc6 11. Ne3 O-O 12. h3 Re8 13. Nh2 d5 14. Qf3 Rb8 15.
Nhg4 Bxg4 16. Nxg4 Nxg4 17. Qxg4 Qc8 18. Qe2 Qe6 19. b3 f5 20. Ba3 Rbd8 21.
Rae1 Qg6 22. exf5 Qxf5 23. d4 Qg6 24. Qd2 Re6 25. Re3 Rde8 26. Rfe1 e4 27. Qe2
h5 28. Bc1 c5 29. dxc5 Be5 30. Qd1 c6 31. Qe2 g4 32. Qxa6 Qg7 33. Qe2 Rg6 34.
h4 Bxc3 35. Rxc3 Qxc3 36. Bb2 Qxc5 37. Rc1 Qa7 38. Qd1 e3 39. fxe3 Qxe3+ 40.
Kh1 Qf2 0-1

[Event "FB1 1920 Rodewischer Schachmiezen - OSG"]
[Site "?"]
[Date "2019.12.14"]
[Round "3.4"]
[White "Korenova, Martina"]
[Black "Arakhamia-Grant, Ketevan"]
[Result "0-1"]
[WhiteElo "2153"]
[BlackElo "2376"]
[PlyCount "66"]
[EventDate "2019.??.??"]

1. e4 c5 2. Bc4 e6 3. Qe2 Nc6 4. c3 g6 5. Nf3 Bg7 6. O-O Nge7 7. e5 d5 8. Bb5
a6 9. Bxc6+ Nxc6 10. d4 cxd4 11. cxd4 h6 12. Nc3 O-O 13. Be3 Bd7 14. Qd2 Kh7
15. Rac1 Rc8 16. h4 f6 17. exf6 Rxf6 18. Nh2 Rf5 19. g4 Rf7 20. f4 Qxh4 21. Ne2
Rcf8 22. Bf2 Qd8 23. Be3 Na5 24. b3 Bb5 25. Rfe1 Nc6 26. Nc3 Nxd4 27. Bxd4
Bxd4+ 28. Qxd4 Rxf4 29. Qe5 Bc6 30. Na4 Qh4 31. Rxc6 bxc6 32. Qe3 d4 33. Qe2
Qg3+ 0-1

[Event "FB1 1920 Rodewischer Schachmiezen - OSG"]
[Site "?"]
[Date "2019.12.14"]
[Round "3.5"]
[White "Kachiani-Gersinska, Ketino"]
[Black "Miturova, Magdalena"]
[Result "0-1"]
[WhiteElo "2323"]
[BlackElo "2172"]
[PlyCount "84"]
[EventDate "2019.??.??"]

1. Nf3 Nf6 2. c4 e6 3. g3 d5 4. Bg2 dxc4 5. Qa4+ c6 6. Qxc4 b5 7. Qc2 Bb7 8. a4
Nbd7 9. O-O Rc8 10. d3 a6 11. Nc3 Be7 12. e4 O-O 13. Rd1 Qc7 14. h3 Rfd8 15.
Be3 e5 16. d4 exd4 17. Nxd4 b4 18. Nf5 Bf8 19. Ne2 c5 20. Bf4 Qa5 21. e5 Bxg2
22. exf6 b3 23. Qb1 Bxh3 24. fxg7 Bxg7 25. Ne7+ Kh8 26. Nxc8 Rxc8 27. Rd5 Nf6
28. Rd6 Re8 29. Nc3 c4 30. Qd1 Bg4 31. Qf1 Qh5 32. Qg2 Bf3 33. Qh2 Qf5 34. Bh6
Qe5 35. Bxg7+ Kxg7 36. Rdd1 Ng4 37. Qh4 Re6 38. Ne4 Rh6 39. Ng5 Qe2 40. Qxh6+
Kxh6 41. Nh3 Qxd1+ 42. Rxd1 Bxd1 0-1

[Event "FB1 1920 Rodewischer Schachmiezen - OSG"]
[Site "?"]
[Date "2019.12.14"]
[Round "3.6"]
[White "Kubikova, Hana"]
[Black "Tammert, Iamze"]
[Result "1-0"]
[WhiteElo "2046"]
[BlackElo "2307"]
[PlyCount "47"]
[EventDate "2019.??.??"]

1. d4 d5 2. Nf3 Nf6 3. c4 dxc4 4. Nc3 a6 5. a4 e6 6. e3 Nbd7 7. Bxc4 c5 8. O-O
Qc7 9. Qe2 Bd6 10. h3 O-O 11. Rd1 cxd4 12. exd4 Nb6 13. Bd3 Nbd5 14. Ne4 Nxe4
15. Qxe4 f5 16. Qe2 Bd7 17. Bd2 Rf6 18. Ne5 Bc6 19. Bc4 Bxe5 20. Qxe5 Qb6 21.
b4 Rg6 22. b5 Bd7 23. bxa6 bxa6 24. Bxd5 1-0

[Event "FB1 1920 SV Medizin Erfurt - SC Bad Kö"]
[Site "?"]
[Date "2019.12.14"]
[Round "3.2"]
[White "Nguyen, Ha Thanh"]
[Black "Schneider, Jana"]
[Result "0-1"]
[WhiteElo "1984"]
[BlackElo "2210"]
[PlyCount "98"]
[EventDate "2019.??.??"]

1. e4 e6 2. d4 d5 3. Nc3 Nf6 4. Bg5 Bb4 5. e5 h6 6. Bd2 Bxc3 7. bxc3 Ne4 8. Bd3
Nxd2 9. Qxd2 c5 10. Nf3 Qa5 11. O-O Nc6 12. Rfd1 c4 13. Bf1 a6 14. Re1 Na7 15.
h3 Bd7 16. Re3 Nb5 17. Nh2 Na3 18. Rg3 Rg8 19. Be2 O-O-O 20. Ng4 Kc7 21. Bd1
Rb8 22. Qc1 Qa4 23. Qb2 a5 24. Kh1 b5 25. Kg1 Ra8 26. Kh1 Rgb8 27. Kh2 b4 28.
cxb4 axb4 29. c3 Qa5 30. cxb4 Qxb4 31. Qc1 Qb2 32. Rb3 Qxc1 33. Rxc1 Kd8 34.
Rf3 Ke7 35. Ne3 Rb2 36. Rf4 Rxa2 37. Bh5 Be8 38. Bf3 Ra5 39. Kg3 Rb5 40. Rc3
Rbb2 41. Nxd5+ exd5 42. Bxd5 Rc2 43. Rcf3 Nb5 44. Bb7 g5 45. Re4 Re2 46. Rf6
Rxe4 47. Bxe4 Nxd4 48. Rxh6 Re2 49. f3 c3 0-1

[Event "FB1 1920 SV Medizin Erfurt - SC Bad Kö"]
[Site "?"]
[Date "2019.12.14"]
[Round "3.3"]
[White "Melamed, Tatjana"]
[Black "Reuter, Elisa"]
[Result "1-0"]
[WhiteElo "2379"]
[BlackElo "1850"]
[PlyCount "84"]
[EventDate "2019.??.??"]

1. e4 c5 2. Nf3 Nc6 3. Bb5 g6 4. Bxc6 dxc6 5. d3 Bg7 6. h3 e5 7. O-O Qe7 8. a3
Nf6 9. Nbd2 O-O 10. b4 Rd8 11. Qe1 Nd7 12. Nc4 f6 13. Be3 Bf8 14. c3 b6 15.
Nfd2 Bg7 16. Nb3 cxb4 17. axb4 Bb7 18. Qe2 Nb8 19. Ra2 Ba6 20. Rfa1 Bxc4 21.
dxc4 Qb7 22. c5 b5 23. Rd2 Rxd2 24. Qxd2 Bf8 25. Rd1 Be7 26. Na5 Qc8 27. Qa2+
Kg7 28. f4 Qg8 29. Qd2 a6 30. fxe5 fxe5 31. Bh6+ Kh8 32. Qf2 Ra7 33. Rd6 Qe8
34. Re6 Qd7 35. Rxe5 Kg8 36. Qa2+ Kh8 37. Qe6 Qxe6 38. Rxe6 Kg8 39. Bf4 Kf7 40.
Bxb8 Ra8 41. Rxc6 Rxb8 42. Rc7 Ke6 1-0

[Event "FB1 1920 SV Medizin Erfurt - SC Bad Kö"]
[Site "?"]
[Date "2019.12.14"]
[Round "3.4"]
[White "Mueller-Ludwig, Kristin"]
[Black "Savina, Anastasia"]
[Result "1-0"]
[WhiteElo "2062"]
[BlackElo "2351"]
[PlyCount "81"]
[EventDate "2019.??.??"]

1. e4 Nc6 2. Nf3 e5 3. Bb5 a6 4. Ba4 Nf6 5. d3 d6 6. c3 Be7 7. Nbd2 O-O 8. O-O
b5 9. Bb3 Nb8 10. Re1 Nbd7 11. Nf1 Bb7 12. Ng3 c5 13. d4 cxd4 14. cxd4 exd4 15.
Nxd4 Nc5 16. Bc2 Re8 17. b4 Na4 18. Bxa4 bxa4 19. a3 Bf8 20. f3 g6 21. Qxa4 Nd5
22. Nde2 Bg7 23. Rb1 Nc3 24. Nxc3 Bxc3 25. Rd1 Qb6+ 26. Kh1 d5 27. Qb3 Rac8 28.
exd5 Bxd5 29. Qxd5 Rcd8 30. Qb3 Qe6 31. Rf1 Qe5 32. Bf4 Qxf4 33. Qxc3 Rc8 34.
Qd3 h5 35. Ne4 Red8 36. Qxa6 Rc2 37. Rbd1 Rxd1 38. Rxd1 h4 39. Qf6 Qc1 40. Qd8+
Kg7 41. Qd4+ 1-0

[Event "FB1 1920 SV Medizin Erfurt - SC Bad Kö"]
[Site "?"]
[Date "2019.12.14"]
[Round "3.5"]
[White "Belenkaya, Dina"]
[Black "Troyke, Doreen"]
[Result "1-0"]
[WhiteElo "2298"]
[BlackElo "2025"]
[PlyCount "69"]
[EventDate "2019.??.??"]

1. e4 c5 2. Nc3 Nc6 3. Nge2 g6 4. d4 cxd4 5. Nxd4 Bg7 6. Nf3 d6 7. Bc4 Nf6 8.
h3 O-O 9. O-O b6 10. Re1 Bb7 11. Nd5 Nd7 12. c3 Rc8 13. Bb3 Nde5 14. Nxe5 Nxe5
15. Bg5 Re8 16. Qe2 h6 17. Bh4 g5 18. Bg3 e6 19. Nb4 a5 20. Nc2 Kh7 21. Nd4 Qd7
22. a4 Rc5 23. Rad1 Rd8 24. h4 gxh4 25. Bxh4 Rg8 26. Bg3 Bf8 27. Bc2 Kh8 28.
Nb3 Qc6 29. Nxc5 Qxc5 30. Qe3 Qc6 31. Bxe5+ dxe5 32. Rd8 Kh7 33. Red1 Bc5 34.
Qf3 Rg7 35. R1d7 1-0